Dragones y seres alados / (Registro nro. 12708)

Detalles MARC
000 -LIDER
fixed length control field 00854nam a22002777a 4500
003 - IDENTIFICACDOR DE NÚMERO DE CONTROL
control field DO-SdBNP
005 - DATE AND TIME OF LATEST TRANSACTION
control field 20180221133749.0
008 - ELEMENTOS DE LONGITUD FIJA
fixed length control field 171027b 2008 sp a 00| 0 spa d
020 ## - ISBN
International Standard Book Number 9788466217033
040 ## - FUENTE DE CATALOGACIÓN
Agencia que crea de manera original el registro BPMSU
Idioma de catalogación spa
Agencia que realiza la transcripción BPMSU
082 #4 - NÚMERO DE CLASIFICACIÓN DECIMAL DE DEWEY
Item number D759
245 00 - MENCIÓN DE TITULO
Título Dragones y seres alados /
Mención de responsabilidad ilustraciones Abril Barrado ; Román Álvarez Fidalgo
260 ## - PUBLICACIÓN, DISTRIBUCIÓN, ETC. (PIE DE IMPRENTA)
Lugar de publicación, distribución, etc Madrid :
Nombre del editor, distribuidor, etc. Libsa,
-- Lexus,
Fecha de publicación, distribución, etc 2008.
300 ## - DESCRIPCIÓN FÍSICA
Extensión 6 p. :
Otros detalles físicos il. ;
Dimensiones 28 cm.
490 1# - MENCIÓN DE SERIES
Mención de serie Puzzlefantásticos
500 ## - NOTA GENERAL
Nota general Libro de paginas de cartón duro.
500 ## - NOTA GENERAL
Nota general Contiene 6 puzzles de 48 piezas
500 ## - NOTA GENERAL
Nota general Libro rompecabezas.
700 1# - ASIENTO SECUNDARIO -- NOMBRE PERSONAL
Nombre personal Barrado, Abril
Mención de responsabilidad il.
700 1# - ASIENTO SECUNDARIO -- NOMBRE PERSONAL
Nombre personal Álvarez Fidalgo, Román
Mención de responsabilidad il.
830 #0 - ASIENTO SECUNDARIO DE SERIE--TÍTULO UNIFORME
Título uniforme Puzzlefantásticos
910 ## - VALIDACIÓN
Validación 000144
942 ## - ADDED ENTRY ELEMENTS (KOHA)
Source of classification or shelving scheme Dewey Decimal Classification
Koha item type Libros
945 ## - INFORMACIÓN DE PROCESAMIENTO LOCAL
Información de procesamiento local Inventariado, 2018/MFF
956 ## - LOCAL ELECTRONIC LOCATION AND ACCESS (OCLC)
Método de acceso YLOCKWARD
Materiales especificados 10
Campo enlazado y núm. de secuencia BPMSU
Nombre de host Yngrid Lockward
Existencias
Withdrawn status Lost status Source of classification or shelving scheme Damaged status Not for loan Collection code Home library Current library Date acquired Source of acquisition Total Checkouts Barcode Date last seen Price effective from Koha item type
    Dewey Decimal Classification     Colección Infantil General Biblioteca Pública Metropolitana Salomé Ureña Biblioteca Pública Metropolitana Salomé Ureña 10/27/2017 Sin sellar   BPMSU17100165 10/27/2017 10/27/2017 Libros